| 000 | 00442nam a22001337a 4500 | ||
|---|---|---|---|
| 082 | _aMSEE-3 | ||
| 100 |
_aMuhammad Umer Kakli _999015 |
||
| 245 | _aQuantitative quality assessment of images projected using multiple projectors. | ||
| 260 |
_aIslamabad _bNUST university _c2013 |
||
| 300 |
_a62p. : _eCD-ROM |
||
| 500 | _aSupervisor: Dr. Muhammad Murtaza Khan | ||
| 856 | _uhttp://10.250.8.41:8080/xmlui/handle/123456789/9340 | ||
| 942 |
_cPR _2ddc |
||
| 999 |
_c12222 _d12222 |
||